| 000 | 01211cam a22001934a 4500 | ||
|---|---|---|---|
| 005 | 20250605164204.0 | ||
| 008 | 250528s ||||||||||||||||||||||||d | ||
| 035 | _a19855 | ||
| 020 | _a130329509 | ||
| 040 |
_aGR-AtMCL _bgre _dGR-AtMCL _eAACR2 |
||
| 245 | 1 | _aNetwork Management / Concept and Practice: A Hands-on Approach | |
| 260 |
_bPearson - Prentice Hall, _c2004 |
||
| 300 | _a524 | ||
| 520 | _aThis textbook shows students and professionals how to implement network management concepts. Includes CD-ROM. Networking Components, Overview of Network Management, Network Implementation and Management Strategies, Configuration: Client/ Server Components, Configuration: Infrastructure Components, SNMP, Management Information Bse (MIB), Remote Monitoring (RNON1), RMON2, Desktop Management, Web-Based Management, SNMPv3, Desktop Management, IP Addressing and ARP and RARP, Abstract Syntax Notation 1 (ASN.1), Management Information Base for Network Management of TCP/ IP - bASED Internets MIB-II, Basic Encoding Rules (BER), Information Management Initiatives, Additional Meterware Tools, Acronyms, Glossary, Index. | ||
| 700 | 1 |
_aBurke Richard _96018 |
|
| 942 | _cBK | ||
| 999 |
_c5101 _d5101 |
||